|
|
|
|
| LEADER |
00000nam0a2200000 4500 |
| 001 |
326240 |
| 005 |
20231102003837.0 |
| 035 |
|
|
|a (RuTPU)RU\TPU\book\351875
|
| 090 |
|
|
|a 326240
|
| 100 |
|
|
|a 20161221d1946 m y0rusy50 ca
|
| 101 |
0 |
|
|a rus
|
| 102 |
|
|
|a RU
|
| 105 |
|
|
|a a z 000zb
|
| 200 |
1 |
|
|a Пиковая дама П. И. Чайковского
|f В. М. Богданов-Березовский
|g Ленинградский государственный академический театр оперы и балета им. С. М. Кирова
|
| 210 |
|
|
|a Ленинград
|c [Б. и.]
|d 1946
|
| 215 |
|
|
|a 25 с.
|c ил.
|
| 600 |
|
1 |
|a Чайковский
|g Петр Ильич
|b П. И.
|c русский композитор
|f 1840-1893
|2 stltpush
|3 (RuTPU)RU\TPU\pers\1137
|
| 606 |
1 |
|
|a Опера
|x Либретто
|2 stltpush
|3 (RuTPU)RU\TPU\subj\47028
|9 66096
|
| 610 |
1 |
|
|a музыка
|
| 610 |
1 |
|
|a оперное творчество
|
| 610 |
1 |
|
|a оперные спектакли
|
| 610 |
1 |
|
|a оперные театры
|
| 610 |
1 |
|
|a композиторы
|
| 610 |
1 |
|
|a русская музыка
|
| 610 |
1 |
|
|a 19 век
|
| 675 |
|
|
|a 782
|v 4
|
| 700 |
|
1 |
|a Богданов-Березовский
|b В. М.
|
| 712 |
0 |
2 |
|a Ленинградский государственный академический театр оперы и балета им. С. М. Кирова
|2 stltpush
|3 (RuTPU)RU\TPU\col\27017
|
| 801 |
|
1 |
|a RU
|b 63413507
|c 20161221
|
| 801 |
|
2 |
|a RU
|b 63413507
|c 20200226
|g RCR
|
| 942 |
|
|
|c BK
|